[Event "Skopje Karposh op"]
[Site "Skopje"]
[Date "2014.04.05"]
[Round "9"]
[White "Vatter, Hans Joachim"]
[Black "Zekaj, Dritan"]
[Result "1-0"]
[WhiteElo "2275"]
[BlackElo "2031"]
[PlyCount "109"]
[EventDate "2014.03.29"]
[EventType "swiss"]
[EventRounds "9"]
[EventCountry "MKD"]
[SourceTitle "CBM 159 Extra"]
[Source "ChessBase"]
[SourceDate "2014.04.24"]
[SourceVersion "1"]
[SourceVersionDate "2014.04.24"]
[SourceQuality "1"]

1. d4 Nf6 2. Bg5 Ne4 3. Bf4 c5 4. f3 Qa5+ 5. c3 Nf6 6. Nd2 cxd4 7. Nc4 Qd8 8. Bxb8 Rxb8 9. Qxd4 b5 10. Nd2 Qb6 11. Qxb6 Rxb6 12. e4 g6 13. Ne2 Bg7 14. a3 0-0 15. Nd4 a6 16. Bd3 e5 17. Nc2 d5 18. Nb4 Bb7 19. exd5 Nxd5 20. Nxd5 Bxd5 21. Ke2 f5 22. Bc2 Kh8 23. Rad1 Re6 24. Bb3 Bxb3 25. Nxb3 e4 26. Nc5 Rc6 27. Rd5 exf3+ 28. Kxf3 Re8 29. Rhd1 a5 30. Rd8 Rc8 31. Nb7 b4 32. axb4 axb4 33. cxb4 Bxb2 34. Rxc8 Rxc8 35. Rd8+ Rxd8 36. Nxd8 Bd4 37. Ne6 Bg1 38. h3 Kg8 39. Kf4 Bh2+ 40. Ke3 Kf7 41. Ng5+ Kg7 42. Kd4 h6 43. Ne6+ Kf6 44. Kd5 g5 45. b5 g4 46. b6 gxh3 47. gxh3 Bb8 48. Nc7 f4 49. Ke4 Kg5 50. Ne6+ Kh4 51. Nxf4 Kg3 52. Nh5+ Kxh3 53. Nf6 Kg3 54. Nd7 Bf4 55. Ne5 1-0

[Event "Skopje Karposh op"]
[Site "Skopje"]
[Date "2014.04.03"]
[Round "7"]
[White "Zekaj, Dritan"]
[Black "Rykov, Ivan S"]
[Result "1-0"]
[WhiteElo "2031"]
[BlackElo "1783"]
[PlyCount "127"]
[EventDate "2014.03.29"]
[EventType "swiss"]
[EventRounds "9"]
[EventCountry "MKD"]
[SourceTitle "CBM 159 Extra"]
[Source "ChessBase"]
[SourceDate "2014.04.24"]
[SourceVersion "1"]
[SourceVersionDate "2014.04.24"]
[SourceQuality "1"]

1. d4 c5 2. c3 d5 3. Nf3 Nf6 4. Bf4 Bg4 5. e3 e6 6. Nbd2 Bd6 7. Qa4+ Nc6 8. Bxd6 Qxd6 9. Ne5 c4 10. e4 0-0 11. Nxg4 Nxg4 12. Be2 Nh6 13. 0-0 Qf4 14. Qc2 f5 15. exd5 exd5 16. g3 Qd6 17. f4 g6 18. Nf3 Ng4 19. Qd2 Nf6 20. Ne5 Ne4 21. Qe3 b5 22. Bf3 a5 23. Bxe4 fxe4 24. Rf2 a4 25. a3 Ne7 26. g4 Qe6 27. Raf1 Kh8 28. h3 Rf6 29. Kg2 Raf8 30. Qg3 Qc8 31. Kh2 Qe6 32. Qh4 e3 33. Re2 Rxf4 34. Rxf4 Rxf4 35. Rxe3 Qd6 36. Qg3 Qf6 37. Kg2 g5 38. Qe1 Ng6 39. Nxg6+ Qxg6 40. Re8+ Kg7 41. Qe5+ Rf6 42. Re6 Qc2+ 43. Qe2 Qg6 44. Re5 Qf7 45. Rxg5+ Kf8 46. Re5 h6 47. Re3 Kg8 48. Re8+ Kg7 49. Qe5 Qg6 50. Re6 Qc2+ 51. Qe2 Qg6 52. Re7+ Kf8 53. Re3 Kg8 54. Re7 Kf8 55. Re5 Qf7 56. Qc2 Kg7 57. Qe2 Kf8 58. Qe3 Rf4 59. Qxf4 Qxf4 60. Rf5+ Qxf5 61. gxf5 Kf7 62. Kf3 Kg7 63. Kg4 Kf6 64. Kf4 1-0

[Event "Skopje Karposh op"]
[Site "Skopje"]
[Date "2014.03.30"]
[Round "2"]
[White "Zekaj, Dritan"]
[Black "Grabcheva, Natalia"]
[Result "1-0"]
[WhiteElo "2031"]
[BlackElo "1566"]
[PlyCount "70"]
[EventDate "2014.03.29"]
[EventType "swiss"]
[EventRounds "9"]
[EventCountry "MKD"]
[SourceTitle "CBM 159 Extra"]
[Source "ChessBase"]
[SourceDate "2014.04.24"]
[SourceVersion "1"]
[SourceVersionDate "2014.04.24"]
[SourceQuality "1"]

1. e4 b6 2. d4 Bb7 3. Nc3 e6 4. Bd3 Nf6 5. Nf3 d6 6. 0-0 Nbd7 7. Re1 h6 8. e5 dxe5 9. dxe5 Nd5 10. Ne4 g6 11. c4 Nb4 12. Bb1 Bg7 13. Bf4 0-0 14. Qd2 Nc6 15. Ng3 Ndxe5 16. Qxd8 Nxf3+ 17. gxf3 Raxd8 18. Be4 Bxb2 19. Rab1 Bg7 20. c5 e5 21. cxb6 axb6 22. Bxe5 Bxe5 23. Bxc6 Bc3 24. Bxb7 Bxe1 25. Rxe1 Rd2 26. a4 Rfd8 27. Kg2 Rd1 28. Re5 f6 29. Rb5 Ra1 30. Rb4 Rad1 31. Bc6 R1d4 32. Rb3 Rd3 33. Rb2 Rd2 34. Rb5 R2d6 35. Bb7 R6d7 1-0

[Event "Durres op"]
[Site "Durres"]
[Date "2013.05.08"]
[Round "6"]
[White "Dobrov, Vladimir"]
[Black "Zekaj, Dritan"]
[Result "1-0"]
[WhiteElo "2541"]
[BlackElo "2043"]
[PlyCount "55"]
[EventDate "2013.05.04"]
[EventType "swiss"]
[EventRounds "9"]
[EventCountry "ALB"]
[SourceTitle "EXT 2016"]
[Source "ChessBase"]
[SourceDate "2015.10.08"]
[SourceVersion "1"]
[SourceVersionDate "2015.10.08"]
[SourceQuality "1"]

1. e4 d5 2. exd5 Qxd5 3. Nc3 Qa5 4. d4 Nf6 5. Nf3 c6 6. Bc4 Bf5 7. Bd2 e6 8. Ne4 Qc7 9. Ng3 Bg6 10. h4 Nbd7 11. h5 Be4 12. Nxe4 Nxe4 13. Be3 Bd6 14. Qe2 Qa5+ 15. Kf1 Ndf6 16. Bd3 Be7 17. c3 h6 18. Qc2 Nd6 19. Ne5 Nd7 20. Nxd7 Kxd7 21. b4 Qd8 22. c4 Bg5 23. f4 Bf6 24. Rd1 Re8 25. g4 Rc8 26. c5 Nb5 27. Bxb5 cxb5 28. d5 1-0

[Event "Durres op"]
[Site "Durres"]
[Date "2013.05.05"]
[Round "2"]
[White "Genov, Petar"]
[Black "Zekaj, Dritan"]
[Result "1-0"]
[WhiteElo "2475"]
[BlackElo "2043"]
[PlyCount "37"]
[EventDate "2013.05.04"]
[EventType "swiss"]
[EventRounds "9"]
[EventCountry "ALB"]
[SourceTitle "EXT 2016"]
[Source "ChessBase"]
[SourceDate "2015.10.08"]
[SourceVersion "1"]
[SourceVersionDate "2015.10.08"]
[SourceQuality "1"]

1. Nf3 Nf6 2. g3 g6 3. Bg2 c5 4. 0-0 Bg7 5. c4 Nc6 6. Nc3 d5 7. d4 cxd4 8. Nxd4 Nxd4 9. Qxd4 dxc4 10. Qxd8+ Kxd8 11. Rd1+ Nd7 12. Nd5 Rb8 13. Bf4 e5 14. Be3 b6 15. Rac1 Ba6 16. Nb4 Bb5 17. Bc6 Bxc6 18. Nxc6+ Kc7 19. Nxb8 1-0

[Event "SRB Central-ch op-A 4th"]
[Site "Paracin"]
[Date "2011.07.12"]
[Round "5"]
[White "Zekaj, Dritan"]
[Black "Kalinic, Dusan"]
[Result "0-1"]
[WhiteElo "2120"]
[BlackElo "2009"]
[PlyCount "76"]
[EventDate "2011.07.08"]
[EventType "swiss"]
[EventRounds "9"]
[EventCountry "SRB"]
[SourceTitle "CBM 143 Extra"]
[Source "ChessBase"]
[SourceDate "2011.08.29"]
[SourceVersion "1"]
[SourceVersionDate "2011.08.29"]
[SourceQuality "1"]

1. d4 Nf6 2. Bg5 e6 3. Nd2 h6 4. Bh4 Be7 5. Ngf3 b6 6. e4 d6 7. Bd3 Bb7 8. Qe2 c5 9. c3 Nc6 10. 0-0 cxd4 11. cxd4 0-0 12. Rac1 Nb4 13. Bb1 Ba6 14. Qe3 Bxf1 15. Rxf1 Ng4 16. Qf4 Bxh4 17. Qxg4 Bg5 18. a3 Bxd2 19. Nxd2 Nc6 20. e5 d5 21. h4 f5 22. exf6 Qxf6 23. Nf3 Rae8 24. Ne5 Nxe5 25. dxe5 Qxe5 26. Qg6 Qf6 27. Qh7+ Kf7 28. h5 Rc8 29. b4 Rc3 30. a4 Rfc8 31. Bg6+ Ke7 32. a5 Rc1 33. Bd3 Rxf1+ 34. Bxf1 Rc1 35. axb6 axb6 36. Qd3 Qa1 37. g4 e5 38. Kg2 Rxf1 0-1

[Event "SRB Central-ch op-A 4th"]
[Site "Paracin"]
[Date "2011.07.11"]
[Round "4"]
[White "Miladinovic, Lena"]
[Black "Zekaj, Dritan"]
[Result "1/2-1/2"]
[WhiteElo "2074"]
[BlackElo "2120"]
[PlyCount "60"]
[EventDate "2011.07.08"]
[EventType "swiss"]
[EventRounds "9"]
[EventCountry "SRB"]
[SourceTitle "CBM 143 Extra"]
[Source "ChessBase"]
[SourceDate "2011.08.29"]
[SourceVersion "1"]
[SourceVersionDate "2011.08.29"]
[SourceQuality "1"]

1. e4 e5 2. Nf3 Nc6 3. d4 exd4 4. Nxd4 Bc5 5. Be3 Qf6 6. c3 Nge7 7. g3 d5 8. Bg2 dxe4 9. Nd2 Bf5 10. Nxf5 Qxf5 11. Bxe4 Qe5 12. Bf4 Qf6 13. 0-0 0-0-0 14. b4 Bd6 15. Be3 Be5 16. b5 Na5 17. Qc2 Nd5 18. Bxd5 Rxd5 19. f4 Bxc3 20. Rac1 Rxd2 21. Bxd2 Bd4+ 22. Kg2 Bb6 23. Be3 c6 24. Bxb6 axb6 25. Rf3 Rd8 26. bxc6 bxc6 27. Rd3 Kc7 28. Rxd8 Qxd8 29. Rd1 Qe7 30. g4 h5 1/2-1/2